Etický audit jako prostředek efektivní kontroly v podniku

Vymedzenie pojmu etický audit. Ciele etického auditu. Analýza sociálnej klímy v spoločnosti. Transparentnosť pre skupiny "stakeholders". Druhy a modely auditu. Postup a prínos etického auditu.

Salvato in:
Dettagli Bibliografici
Autore principale: Kostková, Miroslava
Natura: Capitolo di libro
Lingua:ceco
Soggetti:
Tags: Aggiungi Tag
Nessun Tag, puoi essere il primo ad aggiungerne!!

MARC

LEADER 00000naa$a2200000$$$4500
001 0054753
005 20231017070153.7
041 0 |a cze 
044 |a CZ 
245 1 0 |a Etický audit jako prostředek efektivní kontroly v podniku  |c Miroslava Kostková 
520 |a Vymedzenie pojmu etický audit. Ciele etického auditu. Analýza sociálnej klímy v spoločnosti. Transparentnosť pre skupiny "stakeholders". Druhy a modely auditu. Postup a prínos etického auditu. 
610 2 0 |a audit etický 
610 2 0 |a etika manažérska 
610 2 0 |a kontrola riadenia 
610 2 0 |a pojmy 
610 2 0 |a analýza swot 
610 2 0 |a audítori 
100 1 |a Kostková, Miroslava